The regulation of natural gas : (Record no. 184328)
[ view plain ]
| 000 -LEADER | |
|---|---|
| fixed length control field | 00994 a2200217 4500 |
| 003 - CONTROL NUMBER IDENTIFIER | |
| control field | Nust |
| 005 - DATE AND TIME OF LATEST TRANSACTION | |
| control field | 20230306152534.0 |
| 010 ## - LIBRARY OF CONGRESS CONTROL NUMBER | |
| LC control number | 81009239 |
| 020 ## - INTERNATIONAL STANDARD BOOK NUMBER | |
| International Standard Book Number | 0877222215 : |
| 040 ## - CATALOGING SOURCE | |
| Transcribing agency | Nust |
| 082 00 - DEWEY DECIMAL CLASSIFICATION NUMBER | |
| Classification number | 333.8,SAN |
| 100 1# - MAIN ENTRY--PERSONAL NAME | |
| Personal name | Sanders, M. Elizabeth, |
| 9 (RLIN) | 109897 |
| 245 14 - TITLE STATEMENT | |
| Title | The regulation of natural gas : |
| Remainder of title | policy and politics, 1938-1978 / |
| Statement of responsibility, etc. | M. Elizabeth Sanders. |
| 260 ## - PUBLICATION, DISTRIBUTION, ETC. | |
| Place of publication, distribution, etc. | Philadelphia : |
| Name of publisher, distributor, etc. | Temple University Press, |
| Date of publication, distribution, etc. | c1981. |
| 300 ## - PHYSICAL DESCRIPTION | |
| Extent | xvi, 254 p. ; |
| Dimensions | 24 cm. |
| 505 ## - FORMATTED CONTENTS NOTE | |
| Formatted contents note | Introduction (Page-1), The Origins Of Natural Gas Regulation (Page-17), The Interests In Regulation (Page-46), The Changing Meaning Of The Natural Gas Act (Page-72), Regulating Producers (Page-94), The Politics Of Scarcity (Page-125), New Policies, Old Conflicts (Page-165), Conclusion (Page-193). |
| 650 #0 - SUBJECT ADDED ENTRY--TOPICAL TERM | |
| Topical term or geographic name entry element | Gas industry |
| General subdivision | Government policy |
| Geographic subdivision | United States. |
| 9 (RLIN) | 109898 |
| 650 #0 - SUBJECT ADDED ENTRY--TOPICAL TERM | |
| Topical term or geographic name entry element | Gas |
| General subdivision | Law and legislation |
| Geographic subdivision | United States. |
| 9 (RLIN) | 109899 |
| 650 #0 - SUBJECT ADDED ENTRY--TOPICAL TERM | |
| Topical term or geographic name entry element | Trade regulation |
| Geographic subdivision | United States. |
| 9 (RLIN) | 109900 |
| 942 ## - ADDED ENTRY ELEMENTS (KOHA) | |
| Source of classification or shelving scheme | |
| Koha item type | Book |
| Withdrawn status | Lost status | Source of classification or shelving scheme | Damaged status | Not for loan | Permanent Location | Current Location | Shelving location | Date acquired | Full call number | Barcode | Date last seen | Price effective from | Koha item type | Public note |
|---|---|---|---|---|---|---|---|---|---|---|---|---|---|---|
| Military College of Signals (MCS) | Military College of Signals (MCS) | General Stacks | 12/12/2016 | 333.8,SAN | MCS5014 | 12/08/2016 | 12/12/2016 | Book | Almirah No.73, Shelf No.6 |
